Kis- és középvállalatok a magyar iparban.
Počet malých a stredných podnikov v priemysle Maďarskej republiky v rokoch 1987-88, ich štruktúra a rozmiestnenie. Hodnota produkcie malých a stredných podnikov a nimi dosiahnutá produktivita práce. Hodnota základných prostriedkov malých a stredných podnikov.
Gespeichert in:
| 1. Verfasser: | |
|---|---|
| Format: | Buchkapitel |
| Sprache: | Ungarisch |
| Schlagworte: | |
| Tags: |
Keine Tags, Fügen Sie das erste Tag hinzu!
|
MARC
| LEADER | 00000naa a2200000 4500 | ||
|---|---|---|---|
| 001 | r001149 | ||
| 005 | 20220819194155.0 | ||
| 041 | 0 | |a hun | |
| 044 | |a HU | ||
| 245 | 1 | 0 | |a Kis- és középvállalatok a magyar iparban. |c F. Lányi |
| 520 | |a Počet malých a stredných podnikov v priemysle Maďarskej republiky v rokoch 1987-88, ich štruktúra a rozmiestnenie. Hodnota produkcie malých a stredných podnikov a nimi dosiahnutá produktivita práce. Hodnota základných prostriedkov malých a stredných podnikov. | ||
| 610 | 2 | 0 | |a podnik malý |
| 610 | 2 | 0 | |a podnik stredný |
| 610 | 2 | 0 | |a priemysel |
| 610 | 2 | 0 | |a produktivita práce |
| 610 | 2 | 0 | |a údaje štatistické |
| 610 | 2 | 0 | |a 1987-1988 |
| 610 | 2 | 0 | |a prostriedky základné |
| 610 | 2 | 0 | |a MR |
| 100 | 1 | |a Lányi, F. | |